| 000 | 00564nam a22001937a 4500 | ||
|---|---|---|---|
| 003 | ARRUPE | ||
| 005 | 20251021120437.0 | ||
| 008 | 251021b |||||||| |||| 00| 0 eng d | ||
| 040 | _cAJU | ||
| 050 | _aBV4832.2 .C544 2018 | ||
| 100 |
_aCleary, William _952900 |
||
| 245 |
_aSpiritan life and mission since Vatican II _cWilliam Cleary, foreword by John Fogarty |
||
| 260 |
_aOregon _bWIPF and Stock _c2018 |
||
| 300 |
_3Book _bBook _c23cm |
||
| 300 |
_axxvii, 257p. ; _fBook _g23cm. |
||
| 610 | _2Spiritan Life | ||
| 610 | _2Vatican 11 | ||
| 942 |
_2lcc _cMONOGRAPH |
||
| 999 |
_c131961 _d131961 |
||